000 00633ntaaa2200229 4500
003 01
005 20251027202912.0
008 0714s1973 ag 01
040 _aAR-BaBN
_bspa
_cAR-BaBN
_eaacr
_dRIC
082 _a922.8000 G93
100 _aGuelfi de Bersiá, Cecilia
_929457
245 _aDos vidas fecundas
250 _a1 ed.
260 _aBuenos Aires :
_bAurora,
_c1940
300 _a178 p
500 _aAntonio y Cecilia Guelfi
650 _aGuelfi, Antonio y Cecilia-biografía
_929458
650 _abiografía-Guelfi
_929459
650 _aUruguay-Metodistas
_928682
650 _aMetodistas-Uruguay
_929460
942 _cBK
999 _c24270
_d24270